History Quiz

Random History or Discovery Quiz

'P' in History Quiz Stats

 Plays Quiz Updated Dec 3, 2018

Support Sporcle.
Go Orange.
Score 0/20 Timer 05:00
10 Plays Today
Question Answer % Correct
A Japanese attack on which Hawaiian naval base brought the US into WWII?Pearl Harbor
98.7%
Disease affecting which vegetable led to the Great Irish Famine?Potato
94.4%
Which Spanish artist went through a 'Blue Period' from 1901-04?Pablo Picasso
93%
In which US city were the Declaration of Independence and US Constitution signed?Philadelphia
89%
Which Greek philosopher founded the Academy in Athens?Plato
86.6%
Which Italian town was buried when Mount Vesuvius erupted in A.D 79?Pompeii
80.2%
Which French chemist invented a method to stop milk and wine from causing sickness?Louis Pasteur
75.3%
Which country became a major European power under Frederick the Great?Prussia
73.2%
Which military decoration is the oldest award still given to members of the US military?Purple Heart
70.5%
Which Asian country was ruled by Ferdinand Marcos from 1965-1986?Philippines
67.6%
Question Answer % Correct
Which Caribbean capital experienced a massive earthquake in 2010?Port-au-Prince
60.7%
Under the leadership of which Khmer Rouge leader did an estimated 2 million people die?Pol Pot
59.3%
Which Venetian merchant introduced Europeans to much of Asia in his book, 'Il Milione?'Marco Polo
57.8%
Which country was home to the Indus Valley Civilization in the Bronze Age?Pakistan
54.7%
Which US president, inaugurated in 1853, is the only president born in New Hampshire?Franklin Pierce
44.6%
Which ancient city is the most visited tourist attraction in Jordan?Petra
41.9%
What name is given to the series of wars fought between Rome and Carthage around 200 B.C?Punic Wars
38.6%
The name of which military formation is derived from the Greek for 'finger?'Phalanx
37.4%
What was the 'Noble Experiment' better known as during the 1920s?Prohibition
30.8%
Which 2,000-year-old Roman church has the world's largest unreinforced concrete dome?Pantheon
29.9%

You're not logged in!

Compare scores with friends on all Sporcle quizzes.
OR
Log In
Forgot?

From the Vault

5-Letter Word Scramble II

by razorz

Language 60s
Who's ready for a ride on the Scrambler?
Remove Ads.
Support Sporcle.
Get the best of Sporcle when you Go Orange. This ad-free experience offers more features, more stats, and more fun while also helping to support Sporcle. Thank you for becoming a member.

Show Comments

Extras

Top Quizzes Today


Score Distribution

Your Account Isn't Verified!

In order to create a playlist on Sporcle, you need to verify the email address you used during registration. Go to your Sporcle Settings to finish the process.

Report this User

Report this user for behavior that violates our Community Guidelines.

Details: